| 000 | 01100nam a22002897a 4500 | ||
|---|---|---|---|
| 005 | 20250422114001.0 | ||
| 008 | 250421b |||||||| |||| 00| 0 eng d | ||
| 020 | _a978-3-030-82653-6 (hbk) | ||
| 037 | _cTB | ||
| 040 |
_aCRL _cCRL |
||
| 041 |
_2eng _aeng |
||
| 084 |
_aY15:f R2 _qCRL |
||
| 245 |
_aFeminist methodologies: _bExperiments, collaborations and reflections |
||
| 260 |
_aNew York, USA: _bPalgrave Macmillan, _c2024p. |
||
| 300 | _axvii, 296p. | ||
| 365 |
_b1995.00 _cINR |
||
| 490 | _aGender, development and social change , (Editer) Wendy Harcourt | ||
| 650 |
_aFeminism _9752626 |
||
| 650 |
_aSociology _9752627 |
||
| 650 |
_aResearch _9752628 |
||
| 700 |
_aHarcourt, Wendy (Editor) _9752629 |
||
| 700 |
_aBerg, Karijn Van Den (Editor) _9752630 |
||
| 700 |
_aDupuis, Constance (Editor) _9752631 |
||
| 700 |
_aGaybor, Jacqucline (Editor) _9752632 |
||
| 942 |
_2CC _cTB _hY15:f R2 _n0 |
||
| 999 |
_c1309259 _d1309259 |
||